000
00254nam a2200109Ia 4500
999
_c
9238
_d
9238
020
_a
978-0132433105
100
_a
William Stallings
245
0
_a
Data and Computer Communications
260
_a
New Delhi
_b
McGraw Hill
_c
2017
300
_a
104
942
_c
BK